[Event "Østlandsserien 4B"]
[Site "Ås]"]
[Date "1988.03.20"]
[Round "5.3"]
[White "Johansen, Anders Sten"]
[Black "Lunde, Sigmund"]
[Result "0-1"]
[WhiteElo "1508"]
[BlackElo "1516"]
[PlyCount "84"]
[EventDate "1987.11.14"]
[WhiteTeam "Ås 1"]
[BlackTeam "Sarpsborg 2"]

1. e4 c5 2. Nc3 e6 3. g3 Nc6 4. Bg2 Nf6 5. d3 Be7 6. f4 d5 7. e5 Nd7 8. Nh3 O-O
9. O-O f6 10. exf6 Nxf6 11. Ng5 h6 12. Nf3 Bd6 13. Nh4 Bb8 14. Rb1 e5 15. fxe5
Bxe5 16. Nf3 Bg4 17. Ne2 Bd6 18. Bf4 Re8 19. Qd2 Bxf4 20. Nxf4 g5 21. Ne2 Qe7
22. Rbe1 Qe3+ 23. Qxe3 Rxe3 24. Nc3 d4 25. Nd1 Rxe1 26. Rxe1 Kg7 27. a3 Re8 28.
Rxe8 Nxe8 29. Nf2 Bd7 30. Ne4 b6 31. Kf2 Nf6 32. Nxf6 Kxf6 33. Nd2 Ne5 34. Ne4+
Ke7 35. h3 c4 36. dxc4 Nxc4 37. b3 Nxa3 38. b4 Nxc2 39. Nd2 Be6 40. Ke2 Na1 41.
b5 Nc2 42. Kd3 $4 Ne1+ 0-1

[Event "Østlandsserien 4B"]
[Site "Ås"]
[Date "1988.03.20"]
[Round "5.4"]
[White "Mosling, Monty"]
[Black "Grønvold, Jan"]
[Result "0-1"]
[WhiteElo "1277"]
[BlackElo "1176"]
[PlyCount "84"]
[EventDate "1987.11.14"]
[WhiteTeam "Sarpsborg 2"]
[BlackTeam "Ås 1"]

1. d4 Nf6 2. c4 e6 3. Nc3 c5 4. Nf3 cxd4 5. Nxd4 Nc6 6. a3 Qb6 7. Ndb5 a6 8.
Nd6+ Bxd6 9. Qxd6 Qd4 10. Bf4 e5 11. Qxd4 Nxd4 12. Rd1 d6 13. e3 Nf5 14. Bg5 h6
15. Bxf6 gxf6 16. Nd5 Kd8 17. Nxf6 h5 18. Be2 Be6 19. c5 Ke7 20. Ne4 d5 21. Ng5
Rac8 22. b4 Rcd8 23. O-O h4 24. Nf3 f6 25. h3 Rdg8 26. Nh2 Nh6 27. Kh1 e4 28.
Rc1 Kd7 29. a4 Rh7 30. c6+ bxc6 31. Bxa6 Rhg7 32. Bb7 Rxg2 33. Bxc6+ Kd6 34.
Bb5 Bxh3 35. a5 R2g7 36. a6 Bg2+ 37. Kg1 Bf3+ $1 38. Ng4 Nxg4 39. Rc6+ Ke5 40.
Rfc1 Nxe3+ 41. Kh2 Rg2+ 42. Kh3 Bg4+ 0-1

[Event "Østlandsserien 3B"]
[Site "Ås"]
[Date "1988.11.13"]
[Round "1.3"]
[White "Nygaard, Eddy"]
[Black "Teigen, Jan"]
[Result "1/2-1/2"]
[WhiteElo "1853"]
[BlackElo "1751"]
[PlyCount "70"]
[EventDate "1988.11.13"]
[WhiteTeam "Strømmen 1"]
[BlackTeam "Ås 1"]

1. e4 c5 2. Nf3 Nc6 3. d4 cxd4 4. Nxd4 Nf6 5. Nc3 d6 6. Bc4 e5 7. Nde2 h6 8. h3
Be6 9. Bb3 a6 10. Be3 Be7 11. Qd2 Bxb3 12. axb3 O-O 13. Ng3 Nb4 14. Rd1 Rc8 15.
O-O d5 16. Nf5 Nxe4 17. Nxe7+ Qxe7 18. Nxd5 Nxd5 19. Qxd5 Nf6 20. Qd2 Rfd8 21.
Qe2 Nd5 22. c3 Nxe3 23. Qxe3 Rd6 24. Rfe1 f6 25. Qe2 Rcd8 26. Qc4+ Kh8 27. Rxd6
Qxd6 28. Re2 Qd1+ 29. Kh2 Qb1 30. Qe4 Qxe4 31. Rxe4 Rd2 32. Rb4 b5 33. c4 Rxb2
34. cxb5 axb5 35. Kg3 e4 1/2-1/2

[Event "Østlandsserien 3B"]
[Site "Ås"]
[Date "1988.11.13"]
[Round "1.4"]
[White "Lea, Per"]
[Black "Aune, Finn"]
[WhiteElo "1712"]
[BlackElo "1731"]
[WhiteTeam "Ås 1"]
[BlackTeam "Strømmen 1"]
[PlyCount "79"]
[EventDate "1988.11.13"]
[Result "1/2-1/2"]
1.e4 e6 2.d4 d5 3.Nc3 Nf6 4.Bg5 Bb4 5.e5 h6 6.exf6 hxg5 7.fxg7 Rg8
8.Qh5 Qf6 9.Nf3 Qxg7 10.h4 c5 11.Qxg5 Qxg5 12.hxg5 cxd4 13.Nxd4 Bxc3+
14.bxc3 Bd7 15.f4 Nc6 16.O-O-O a6 17.g3 b5 18.Bg2 Na5 19.Rhe1 O-O-O
20.Nb3 Nb7 21.Rd4 Kb8 22.Kb2 Rc8 23.Rh1 Rgd8 24.Rh7 Be8 25.g4 Nc5 26.
Nxc5 Rxc5 27.Rh3 Rdc8 28.f5 Bd7 29.f6 Be8 30.Re3 R5c6 31.a3 a5 32.Kb3
Bd7 33.Rh3 e5 34.Rxd5 Be6 35.Kb2 Bxd5 36.Bxd5 R6c7 37.Rh7 Rxc3 38.
Rxf7 Rxc2+ 39.Kb1 Rc1+ 40.Kb2
1/2-

[Event "Østlandsserien 4C"]
[Site "Ås"]
[Date "1988.11.13"]
[Round "1.3"]
[White "Sæthern, Arve"]
[Black "Furnes, Harald"]
[Result "0-1"]
[WhiteElo "1597"]
[BlackElo "1240"]
[PlyCount "92"]
[EventDate "1988.11.13"]
[WhiteTeam "Sicilianerne 2"]
[BlackTeam "Ås 2"]

1. e4 Nc6 2. Nf3 d6 3. d4 Bg4 4. Be2 Nf6 5. Nc3 e5 6. d5 Bxf3 7. gxf3 $5 Ne7 8.
f4 Nd7 $6 9. fxe5 dxe5 10. Bg5 f6 11. Bh4 c6 12. Bc4 $6 cxd5 13. Nxd5 Nxd5 14.
Qxd5 $1 Qe7 15. O-O-O O-O-O $1 16. Qe6 $2 Qxe6 17. Bxe6 Kc7 18. f3 Bc5 19. Rd5
$2 Be3+ 20. Kb1 Nc5 $1 21. Rxd8 Rxd8 22. Bd5 g5 23. Be1 f5 24. Bc3 Bf4 25. h3
fxe4 26. fxe4 h5 27. b3 b6 28. Rg1 a5 29. Rg2 a4 30. Bb2 b5 31. Bc1 b4 32. Bxf4
exf4 33. Kc1 f3 34. Rxg5 Rf8 35. Rf5 Rxf5 36. exf5 f2 37. Bc4 Ne4 38. f6 Nxf6
39. Kd2 a3 40. Ke3 Kd6 41. Kd4 Nd5 42. Bf1 Nc3 43. Kd3 Nxa2 44. Kd2 Nc3 45. Kc1
Ke5 46. Bd3 Kf4 0-1

[Event "Østlandsserien 4C"]
[Site "Ås"]
[Date "1988.12.10"]
[Round "2.3"]
[White "Furnes, Harald"]
[Black "Lunde, Sigmund"]
[Result "1-0"]
[WhiteElo "1240"]
[BlackElo "1520"]
[PlyCount "63"]
[EventDate "1988.11.13"]
[WhiteTeam "Ås 2"]
[BlackTeam "Sarpsborg 2"]

1. d4 d5 2. c4 c6 3. Nc3 Bf5 4. Bf4 Nf6 5. e3 Nbd7 {[%emt 0:00:00]} 6. Rc1 e6
7. Bd3 Bg6 8. a3 Nb6 9. c5 Bxd3 10. Qxd3 Nc4 11. Qc2 Nh5 12. Bg3 Nxg3 13. hxg3
e5 14. Nf3 exd4 15. exd4 b6 16. b4 Nxa3 17. Qa4 Nb5 18. Nxb5 cxb5 19. Qxb5+ Qd7
20. Qxd7+ Kxd7 21. Ng5 f6 22. Nh3 bxc5 23. bxc5 Kc6 24. Kd2 g6 25. Nf4 Be7 26.
Rce1 Bd8 27. Re6+ Kb5 28. Kd3 a5 29. Rb1+ Ka4 30. Nxd5 f5 31. Re2 Ka3 32. Kc3
1-0

[Event "Østlandsserien 3B"]
[Site "Ås"]
[Date "1988.12.11"]
[Round "3.2"]
[White "Lea, Per"]
[Black "Olsson, Bjørn"]
[Result "1/2-1/2"]
[WhiteElo "1712"]
[BlackElo "1534"]
[PlyCount "61"]
[EventDate "1988.11.13"]
[WhiteTeam "Ås 1"]
[BlackTeam "Puddingen 1"]

1. e4 Nf6 2. e5 Nd5 3. d4 d6 4. c4 Nb6 5. f4 dxe5 6. fxe5 Nc6 7. Be3 Bf5 8. a3
e6 9. Nf3 Bg4 10. Nbd2 Qd7 11. Be2 Be7 12. O-O O-O-O 13. Qb3 h5 14. Rac1 Bf5
15. Bd3 Bxd3 16. Qxd3 g5 17. Bxg5 Bxg5 18. Nxg5 Nxe5 19. Qe3 Qxd4 20. Qxd4 Rxd4
21. Ndf3 Nxf3+ 22. Rxf3 Rxc4 23. Rxc4 Nxc4 24. Rxf7 Rh6 25. Rf2 Rg6 26. h4 Ne3
27. Re2 Nf5 28. Nxe6 Nxh4 29. Nf8 Rd6 30. Re8+ Rd8 31. Rxd8+ 1/2-1/2

[Event "Østlandsserien 3B"]
[Site "Ås"]
[Date "1989.01.22"]
[Round "4.2"]
[White "Teigen, Jan"]
[Black "Baadshaug, Knut"]
[Result "0-1"]
[WhiteElo "1751"]
[BlackElo "1923"]
[PlyCount "58"]
[EventDate "1988.11.13"]
[WhiteTeam "Ås 1"]
[BlackTeam "Eidsvoll 1"]

1. f4 e5 2. fxe5 d6 3. exd6 Bxd6 4. Nf3 Nf6 5. d4 Bf5 6. Bg5 O-O 7. g3 Nbd7 8.
Nh4 Bg4 9. Bg2 Re8 10. Nc3 h6 11. Bxf6 Qxf6 12. Rf1 Qe7 13. Nf5 Bxf5 14. Rxf5
Qe3 15. Kf1 c6 16. Rf3 Qg5 17. e4 Rad8 18. Rf5 Qg6 19. Qd3 Nf6 20. e5 Ng4 21.
Be4 Bc5 22. Rf4 Qg5 23. h4 Qh5 24. Rf5 g5 25. hxg5 hxg5 26. Qd2 Qh3+ 27. Bg2
Ne3+ 28. Qxe3 Qxf5+ 29. Ke2 Bxd4 0-1

[Event "Østlandsserien 3B"]
[Site "Ås"]
[Date "1989.01.22"]
[Round "4.3"]
[White "Posaasen, Steinar"]
[Black "Johansen, Anders Sten"]
[Result "1/2-1/2"]
[WhiteElo "1849"]
[BlackElo "1493"]
[PlyCount "156"]
[EventDate "1988.11.13"]
[WhiteTeam "Eidsvoll 1"]
[BlackTeam "Ås 1"]

1. e4 e5 2. Nf3 Nc6 3. Bc4 Bc5 4. c3 Nf6 5. b4 Bb6 6. d3 d6 7. a4 a5 8. b5 Ne7
9. Qb3 O-O 10. Ng5 Qe8 11. Be3 Nd7 12. O-O h6 13. Nf3 Kh8 14. Nh4 f5 15. Nd2 f4
16. Bxb6 Nxb6 17. Be6 Rf6 18. Bxc8 Qxc8 19. Qd1 g5 20. Nhf3 Qg8 21. g3 g4 22.
Nh4 Qg5 23. Kh1 Raf8 24. Qe2 Nbc8 25. Nc4 b6 26. Rac1 Ng6 27. Nxg6+ Qxg6 28.
gxf4 Rxf4 29. Ne3 Qh5 30. Nf5 Rf7 31. Rg1 Ne7 32. Ng3 Qg5 33. Rcf1 Rf3 34. Rg2
Ng6 35. Nf5 Nf4 36. Qxf3 gxf3 37. Rxg5 hxg5 38. d4 Kh7 39. Rg1 Nd3 40. Rf1 Kg6
41. Kg1 d5 42. Ng3 dxe4 43. Nxe4 Rf4 44. Nd2 exd4 45. cxd4 g4 46. Nb3 Kf6 47.
Rd1 Nb2 48. Ra1 Re4 49. h3 Kg5 50. hxg4 Rxg4+ 51. Kf1 Rh4 52. Kg1 Nd3 53. Rd1
Nf4 54. Nc1 Nh3+ 55. Kf1 Rg4 56. Ke1 Rg1+ 57. Kd2 Rxd1+ 58. Kxd1 Nxf2+ 59. Ke1
Ne4 60. Nd3 Kg4 61. Kf1 Kg3 62. Ke1 f2+ 63. Ke2 Nc3+ 64. Kf1 Nxa4 65. Nxf2 Nc3
66. Nd3 Nxb5 67. d5 a4 68. Nb4 Nc3 69. Ke1 a3 70. Kd2 Nxd5 71. Nc2 a2 72. Kc1
Kf3 73. Kb2 Ke2 74. Kxa2 Kd3 75. Kb3 c5 76. Na3 Nc7 77. Nc4 b5 78. Ne5+ Ke4 $19
1/2-1/2

[Event "Østlandsserien 3B"]
[Site "H-281, Husdyrinstituttet, NLH"]
[Date "1989.02.19"]
[Round "6"]
[Board "1"]
[White "Bjørnland, Svein A"]
[Black "Lea, Per"]
[WhiteElo "1975"]
[BlackElo "1692"]
[WhiteTeam "Fredriksstad 1"]
[BlackTeam "Ås 1"]
[PlyCount "84"]
[Result "1/2-1/2"]
1.c4 e6 2.Nf3 Nf6 3.g3 d5 4.Bg2 c5 5.cxd5 exd5 6.d4 Nc6 7.O-O cxd4
8.Nxd4 Nxd4 9.Qxd4 Be7 10.Nc3 Be6 11.Rd1 O-O 12.Nxd5 Nxd5 13.Bxd5
Bxd5 14.Qxd5 Qxd5 15.Rxd5 Rfd8 16.Rxd8+ Rxd8 17.Be3 Bf6 18.Rc1 Bxb2
19.Rb1 Bc3 20.Rxb7 a5 21.Bb6 Ra8 22.Kg2 h6 23.f4 Re8 24.Kf3 Re6 25.
Rb8+ Kh7 26.Rc8 Rxb6 27.Rxc3 Rb4 28.Rc5 Ra4 29.Rc2 Rb4 30.Rc3 a4 31.
Ke3 Kg6 32.Rd3 Kf5 33.Rd4 Rxd4 34.Kxd4 Kg4 35.Ke3 Kh3 36.Kf3 f5 37.e4
fxe4+ 38.Kxe4 Kxh2 39.Kf3 Kh3 40.a3 h5 41.f5 Kh2 42.Kf4 Kh3
1/2-1/2

[Event "Østlandsserien 4C"]
[Site "Vevelstad"]
[Date "1989.03.12"]
[Round "5"]
[Board "3"]
[White "Grønvold, Jan"]
[Black "Berntsen, Sheila"]
[WhiteElo "1241"]
[BlackElo "1481"]
[Result "1-0"]
[PlyCount "57"]
[EventDate "1988.11.13"]
[WhiteTeam "Ås 2"]
[BlackTeam "Moss 2"]

1. d4 d5 2. c4 e6 3. Nc3 Nf6 4. Bg5 Be7 5. e3 O-O 6. Nf3 b6 7. cxd5 Nxd5 8.
Bxe7 Nxe7 9. Bd3 Bb7 10. O-O Nd7 11. Ng5 Nf6 12. f4 Rc8 13. Qc2 h6 14. Nf3 c5
15. dxc5 Rxc5 16. Rad1 Qc8 17. e4 Rd8 18. Qb3 Qb8 19. Ne5 Nd7 20. Nxd7 Rxd7 21.
Kh1 Qd8 22. Bc4 Rxd1 23. Rxd1 Qc7 24. Bxe6 Qxf4 25. Bxf7+ Qxf7 26. Rd8+ Kh7 27.
Qxf7 Bxe4 28. Qxe7 Rf5 29. Qxe4 1-0

[Event "Østlandsserien 1988/1989, 2. div. B"]
[Site "?"]
[Date "1989.01.22"]
[Round "4"]
[White "Solem, Trond"]
[Black "Bratvold, Tore A"]
[Result "1-0"]
[WhiteElo "1995"]
[BlackElo "2154"]
[PlyCount "65"]
[EventDate "1988.11.13"]
[WhiteTeam "Ski 1"]
[BlackTeam "SK 1911 1"]

1. d4 Nf6 2. c4 c5 3. d5 b5 4. Nf3 bxc4 5. Nc3 d6 6. e4 g6 7. Bxc4 Bg7 8. e5
dxe5 9. Nxe5 O-O 10. O-O Nfd7 11. Nxf7 Rxf7 12. d6 Nb6 13. Bxf7+ Kxf7 14. Nd5
Bb7 15. Nxe7 Be5 16. Qb3+ c4 17. Qh3 h5 18. f4 Bxd6 19. Nxg6 Qf6 20. f5 Qd4+
21. Be3 Qg4 22. Qxg4 hxg4 23. Rad1 Bc7 24. Bf4 Bxf4 25. Rxf4 Nc6 26. Rd6 Re8
27. a4 Re2 28. Rxg4 Rxb2 29. Nh8+ Kf8 30. f6 Nc8 31. Rd7 c3 32. Rf7+ Ke8 33.
Rg8# 1-0

[Event "Østlandsserien 4B"]
[Site "Vevelstad"]
[Date "1989.11.12"]
[Round "1"]
[Board "1"]
[White "Furnes, Torstein"]
[Black "Larsen, Vidar"]
[Result "1/2-1/2"]
[WhiteElo "1032"]
[BlackElo "1667"]
[PlyCount "68"]
[EventDate "1989.11.12"]
[WhiteTeam "Ås 2"]
[BlackTeam "IØSS 1"]

1. d4 d5 2. c4 e6 3. Nc3 Nf6 4. Nf3 Be7 5. Bf4 a6 6. e3 O-O 7. cxd5 exd5 8. Rc1
c6 9. Qc2 Re8 10. Bd3 h6 11. O-O Bd6 12. Bxd6 Qxd6 13. e4 dxe4 14. Nxe4 Nxe4
15. Bxe4 Nd7 16. Rfe1 Nf6 17. Re3 Nxe4 18. Rxe4 Rxe4 19. Qxe4 Be6 20. b3 Rd8
21. h3 Bd5 22. Qe5 Bxf3 23. Qxd6 Rxd6 24. gxf3 Rxd4 25. Re1 Kf8 26. Re4 c5 27.
Kf1 b5 28. Rxd4 cxd4 29. Ke2 Ke7 30. Kd3 Kd6 31. Kxd4 a5 32. f4 g6 33. a3 f6
34. h4 Kc6 1/2-1/2

[Event "Østlandsserien 4B"]
[Site "Vevelstad"]
[Date "1989.11.12"]
[Round "1"]
[Board "3"]
[White "Køhler, Torbjørn"]
[Black "Ukkelberg, Sigurd"]
[Result "1-0"]
[WhiteElo "969"]
[BlackElo "1667"]
[PlyCount "115"]
[EventDate "2000.11.12"]
[WhiteTeam "Ås 2"]
[BlackTeam "IØSS 1"]

1. e4 e5 2. Nf3 d6 3. Nc3 Nf6 4. d3 Be7 5. Be2 O-O 6. O-O h6 7. Bd2 Be6 8. d4
exd4 9. Nxd4 Bd7 10. Bf3 c5 11. Nde2 Bc6 12. Bf4 Re8 13. Ng3 Qc7 14. Re1 Nbd7
15. Nf5 Ne5 16. Nd5 Bxd5 17. exd5 Qd7 18. Nxe7+ Rxe7 19. Bxe5 Rxe5 20. Rxe5
dxe5 21. c4 e4 22. Be2 Rd8 23. f3 Re8 24. b3 Qd6 25. fxe4 Rxe4 26. Bf3 Re3 27.
Qd2 Qe5 28. Rd1 Qf4 29. h3 Ne4 30. Bxe4 Qxe4 31. Kf1 Qf4+ 32. Qf2 Qe4 33. Re1
Qd3+ 34. Re2 Qd1+ 35. Qe1 Rd3 36. Qxd1 Rxd1+ 37. Kf2 b5 38. Re8+ Kh7 39. Rc8
bxc4 40. bxc4 Rd2+ 41. Kg3 Rxa2 42. Rxc5 Rd2 43. Rc7 a5 44. Ra7 Rd4 45. Rxa5
Rxc4 46. Kf3 Kg6 47. Ke3 Kf6 48. Kd3 Rc7 49. Kd4 Rd7 50. Ra6+ Ke7 51. Kc5 f5
52. Re6+ Kf7 53. Kc6 Ra7 54. Kc5 h5 55. Rb6 Ra5+ 56. Kc6 Ra7 57. Rb7+ Rxb7 58.
Kxb7 1-0

[Event "Østlandsserien 3B"]
[Site "Ås"]
[Date "1989.12.09"]
[Round "2.2"]
[White "Lea, Per "]
[Black "Ristesund, Odd"]
[WhiteElo "1605"]
[BlackElo "1640"]
[WhiteTeam "Ås 1"]
[BlackTeam "OSS 4"]
[PlyCount "45"]
[Result "1/2-1/2"]
1.e4 e5 2.Nf3 Nc6 3.Bb5 a6 4.Ba4 Nf6 5.O-O Be7 6.Re1 b5 7.Bb3 O-O
8.c3 d5 9.exd5 Nxd5 10.Nxe5 Nxe5 11.Rxe5 c6 12.d4 Bd6 13.Re1 Qh4 14.g3 Qh3
15.Be3 Bg4 16.Qd3 Rae8 17.Nd2 Re6 18.a4 f5 19.Qf1 Qh5 20.f4 Bh3 21.Qf3 Bg4
22.Qg2 Bh3 23.Qf3 
1/2-1/2

[Event "Østlandsserien 4B"]
[Site "Vevelstad"]
[Date "1989.12.10"]
[Round "2"]
[Board "1"]
[White "Kvam, Kristin"]
[Black "Furnes, Torstein"]
[Result "1-0"]
[WhiteElo "1114"]
[BlackElo "1032"]
[PlyCount "72"]
[EventDate "1989.11.12"]
[WhiteTeam "Moss 3"]
[BlackTeam "Ås 2"]

1. Nf3 d5 2. g3 Nf6 3. Bg2 e6 4. d3 Nbd7 5. c4 c5 6. cxd5 Nxd5 7. O-O Bd6 8. b3
O-O 9. Bb2 Qc7 10. Nbd2 Rb8 11. a4 b6 12. Nc4 Bb7 13. Qd2 Rfd8 14. e4 Nb4 15.
Nxd6 Qxd6 16. Qc3 f6 17. Rad1 e5 18. Qc4+ Kh8 19. Bh3 Ba6 20. Qf7 Rb7 21. Nh4
g6 22. Bc1 Nf8 23. Nf5 Rxf7 24. Nxd6 Rxd6 25. Bh6 Rxd3 26. Rfe1 Kg8 27. Bg2
Rfd7 28. Rxd3 Rxd3 29. Bh3 Rxb3 30. Rd1 Rd3 31. Ra1 g5 32. Bg4 Kf7 33. Bh5+ Ke7
34. Kg2 Bb7 35. Be2 Rd2 36. Bf3 Nd3 1-0

[Event "Østlandsserien 4B"]
[Site "Vevelstad"]
[Date "1990.01.21"]
[Round "3"]
[Board "2"]
[White "Rosenvinge, Rino"]
[Black "Hanssen, Fredrik"]
[Result "0-1"]
[WhiteElo "967"]
[BlackElo "943"]
[PlyCount "108"]
[EventDate "2000.11.12"]
[WhiteTeam "Fredriksstad 3"]
[BlackTeam "Ås 2"]

1. e4 c5 2. Nf3 Nc6 3. d4 cxd4 4. Nxd4 Nxd4 5. Qxd4 d6 6. Bb5+ Bd7 7. Qa4 Nf6
8. Nc3 Bxb5 9. Qxb5+ Qd7 10. Qxd7+ Nxd7 11. Nd5 Rc8 12. Nc3 e6 13. Be3 a6 14.
a3 Be7 15. Bd4 O-O 16. h3 Rc4 17. O-O-O Rd8 18. b3 Rc6 19. Kb2 Rdc8 20. Rd3 Bf6
21. Bxf6 Nxf6 22. Rc1 Nd7 23. Rcd1 g6 24. R1d2 Ne5 25. Rd4 Rxc3 26. f4 Nd7 27.
Rxd6 Nf8 28. Rd8 Rxd8 29. Rxd8 Rc7 30. c4 Rd7 31. Rxd7 Nxd7 32. Kc3 Kf8 33. Kd4
Ke7 34. g4 Kd6 35. b4 e5+ 36. fxe5+ Nxe5 37. c5+ Ke6 38. a4 Nc6+ 39. Kc4 Ke5
40. b5 axb5+ 41. axb5 Nb8 42. Kb4 Kxe4 43. Ka5 Kd5 44. Kb6 Nd7+ 45. Kxb7 Kxc5
46. Ka6 f5 47. g5 f4 48. h4 f3 49. h5 gxh5 50. b6 Nxb6 51. Kb7 f2 52. Kc7 f1=Q
53. Kd8 Qf7 54. g6 Qd7# 0-1

[Event "Østlandsserien 3B"]
[Site "Ås"]
[Date "1990.02.17"]
[Round "5.4"]
[White "Furnes, Harald"]
[Black "Karlsen, Svein"]
[Result "1/2-1/2"]
[WhiteElo "1479"]
[BlackElo "1792"]
[PlyCount "114"]
[EventDate "2000.11.12"]
[WhiteTeam "Ås 1"]
[BlackTeam "Sicilianerne 1"]

1. d4 Nf6 2. c4 c5 3. d5 b5 4. b3 bxc4 5. bxc4 g6 6. Bb2 Bg7 7. Nf3 d6 8. Nbd2
O-O 9. Qc2 Bf5 10. Qc1 Nbd7 11. h3 Nb6 12. g4 Bd7 13. Rb1 Na4 14. Ba1 Qa5 15.
Bg2 Ne4 16. Bxg7 Kxg7 17. Rb3 Rab8 18. O-O Nxd2 19. Qxd2 Qxd2 20. Nxd2 Rb4 21.
Rfb1 Rfb8 22. Be4 a5 23. Bd3 Nb6 24. a3 Rxb3 25. Rxb3 Ba4 26. Rb1 Nd7 27. Rxb8
Nxb8 28. f3 Nd7 29. e4 Ne5 30. Be2 g5 31. Kf2 Kf6 32. Kg2 h6 33. Kf2 Ng6 34.
Bf1 Nf4 35. Ke3 Ke5 36. Nb1 Bb3 37. Nc3 Ng6 38. Be2 Nf8 39. Nb5 Nd7 40. Na7 a4
41. Nc6+ Kf6 42. Kd3 Nb6 43. Kc3 e6 44. Na5 exd5 45. exd5 Ke5 46. Nxb3 axb3 47.
Kxb3 Kd4 48. a4 Ke3 49. a5 Na8 50. Bd1 Nc7 51. Kc3 f6 52. Kb3 Na6 53. Kc3 Nc7
54. Kb3 Na6 55. Ka4 Nc7 56. Ka3 Kd4 57. Bb3 Na6 1/2-1/2

[Event "Østlandsserien 3B"]
[Site "Fredrikstad"]
[Date "1990.02.18"]
[Round "6.2"]
[White "Ludvigsen, Jan"]
[Black "Lea, Per"]
[WhiteElo "1748"]
[BlackElo "1601"]
[WhiteTeam "Fredriksstad 1"]
[BlackTeam "Ås 1"]
[Result "1-0"]
[PlyCount "33"]
1.e4 e5 2.Nf3 Nc6 3.Bc4 Nf6 4.d4 exd4 5.e5 Bb4+ 6.c3 dxc3 7.bxc3 Ba5
8.exf6 Qxf6 9.O-O O-O 10.Re1 d6 11.Ng5 Ne5 12.Bb3 Bg4 13.f3 Bb6+ 14.
Kh1 Bh5 15.Ne4 Qf5 16.Ng3 Qd3 17.Nxh5
1-0

[Event "Østlandsserien 3B"]
[Site "Vevelstad"]
[Date "1990.02.18"]
[Round "6.3"]
[White "Johansen, Anders Sten"]
[Black "Belstad, Bjørn"]
[Result "1/2-1/2"]
[WhiteElo "1568"]
[BlackElo "1664"]
[PlyCount "39"]
[EventDate "1989.11.12"]
[WhiteTeam "Ås 1"]
[BlackTeam "Fredriksstad 1"]

1. e4 c6 2. d4 d5 3. exd5 cxd5 4. Bd3 Nc6 5. Nf3 Bg4 6. c3 e6 7. Bf4 Bd6 8. Bg3
Nf6 9. Nbd2 O-O 10. O-O Re8 11. Qe1 Bxg3 12. fxg3 Qb6 13. Qf2 Bxf3 14. Nxf3 Ng4
15. Qe2 e5 16. Bxh7+ Kh8 17. Ng5 Nf6 18. Rxf6 gxf6 19. Qh5 fxg5 20. Bg6+
1/2-1/2

[Event "Østlandsserien 3B"]
[Site "Festsalen, Åsgård, Ås"]
[Date "1990.11.10"]
[Round "1"]
[Board "3"]
[White "Szalai, Janos"]
[Black "Lea, Per"]
[WhiteElo "1853"]
[BlackElo "1618"]
[WhiteTeam "ASKO 1"]
[BlackTeam "Ås 1"]
[Annotator "Lea, Per"]
[Result "1/2-1/2"]
[PlyCount "105"]
[EventDate "1990.11.10"]
1. e4 e5 2. Nf3 Nc6 3. Bb5 a6 4. Ba4 Nf6 5. O-O Be7 6. Re1 b5 7. Bb3 O-O 8. a4
Bb7 9. Nc3 bxa4 $6 10. Rxa4 d6 11. Nd5 Nxd5 12. Bxd5 Qd7 13. c3 Rfb8 14. d4
exd4 15. cxd4 Nd8 16. Bc4 Ne6 17. Ra5 Bc8 18. Qa4 $2 {Tvilsomt. Hvit har klar
fordel på grunn av svarts trange stilling, noe han bør utnytte med et
initiativ på kongefløyen. Nå er han i ferd med å skusle bort fordelen.} (18. e5
Rb4 19. b3 c6) (18. d5 Nc5 19. e5 {og svart sliter.}) 18... Qxa4 19. Rxa4 c5
20. d5 Nc7 21. e5 dxe5 22. Nxe5 Bd6 23. Nd3 ({
Nok en gang er hvit i ferd med å skusle bort fordelen. Bedre var} 23. Ra3 {
for å overføre begge tårnene til kongefløyen.}) 23... Bd7 24. Ra2 Bb5 25. b3
Re8 26. Be3 Rac8 27. Rd1 Re4 28. Bxb5 axb5 29. Bxc5 Nxd5 $2 (29... Bxc5 30.
Nxc5 Re5 31. Rad2 Rd8 {og svart vinner tilbake bonden med lik stilling.}) 30.
Bxd6 Nc3 31. Nc5 {Svarts kommentarer i Ås sjakklubbs ratinglefse nr 2/1990:
"Om det var tidsnøden som gjorde seg gjeldende skal være usagt, men her
overser hvit lett vinst etter} (31. Rc2 Rd4 32. Be5 $2 (32. Bb4 $1 {
og svart kan bare gi opp.}) 32... Rxd3 33. Rxd3 Ne2+ {
o.s.v." Med den haken at også dette vinner lett:} 34. Kf1 Rxc2 $4 35. Rd8# {
Det var ikke lett å kommentere partier uten hjelp fra dagens silisium-hjerner!}
) 31... Ree8 32. Rad2 Nxd1 33. Rxd1 Rcd8 34. Nb7 Rd7 35. Kf1 $4 {Uforståelig
feil, tidsnød til tross. Hvit hadde jo i mange år vekslet mellom 1800 og 1900
i rating.} Rxb7 36. Bc5 Rbb8 37. b4 Rbd8 38. Ra1 Ra8 39. Rb1 f6 40. g3 Re4 $2 (
40... Kf7 {er bedre, teksttrekket truer jo ingen ting. Men svart har fremdeles
klar fordel.}) 41. Rd1 Ra4 {Dermed avsløres  kanskje(?) planen bak svarts
forrige trekk? Jeg vil ofre kvalitet mot bonde og vinne tårnsluttspillet med
bonde over. Men jeg er ikke overbevist om at det er fullt så enkelt som jeg
trodde den gangen.} 42. Rd7 $2 (42. Rd8+ Kf7 43. Rd7+ Kg6 44. Bf8 {
og svarts fordel er minimal.}) 42... Raxb4 43. Bxb4 Rxb4 44. h4 Rb1+ 45. Ke2 b4
46. Rb7 b3 47. Kd2 b2 48. Kc3 Rc1+ 49. Kxb2 Rf1 50. f4 Rg1 (50... Rf3 51. Rb3
Rxb3+ 52. Kxb3 Kf7 53. g4 Kg6 54. Kc3 h5 $1 {vinner sannsynligvis for svart,
var kommentaren i 1990. Og det er forsåvidt riktig, men 54.Kc3 er en
kjempebukk: 54.f5+ er død remis.}) 51. Rb3 f5 52. Kc2 Kf7 53. Kd2 1/2-1/2

[Event "Ã˜stlandsserien 3B"]
[Site "Ski"]
[Date "1990.12.09"]
[Round "2.3"]
[White "Skaug, ThorbjÃ¸rn"]
[Black "HÃ¸ydalsvik, Asgeir"]
[Result "1-0"]
[WhiteElo "1122"]
[BlackElo "969"]
[PlyCount "111"]
[EventDate "1990.11.10"]
[WhiteTeam "Ã…s 1"]
[BlackTeam "Ski 2"]

1. b4 d5 2. Bb2 Nd7 3. e3 Ngf6 4. c4 e6 5. b5 c6 6. Nc3 c5 7. Nf3 b6 8. d4 a6
9. a4 cxd4 10. exd4 Bb4 11. Qc2 Bb7 12. Be2 Qc7 13. Nd2 Bd6 14. Nf3 dxc4 15. g3
O-O 16. O-O axb5 17. Nxb5 Qc6 18. Nxd6 Qxd6 19. Ba3 Qc6 20. Bxf8 Nxf8 21. Rfc1
b5 22. axb5 Qxb5 23. Rxa8 Bxa8 24. Qxc4 Qxc4 25. Rxc4 Bd5 26. Rc8 N6d7 27. Ne5
Nb6 28. Rb8 f6 29. Rxb6 fxe5 30. dxe5 h6 31. f4 g5 32. Rd6 Ng6 33. fxg5 hxg5
34. Bh5 Kf7 35. Bxg6+ Kxg6 36. g4 Kf7 37. Kf2 Be4 38. Kg3 Ke7 39. h4 gxh4+ 40.
Kxh4 Bg6 41. Kg5 Bf7 42. Kh6 Kf8 43. g5 Ke7 44. g6 Be8 45. Kg7 Bf7 46. Rd7+ (
46. gxf7 $4 {Patt!}) 46... Kxd7 47. Kxf7 Kd8 48. Kxe6 Ke8 49. Kf6 Kf8 50. g7+
Kg8 51. e6 Kh7 52. Kf7 Kh6 53. g8=Q Kh5 54. Kf6 Kh4 55. Kf5 Kh5 56. Qg5# 1-0

[Event "Østlandsserien 4B"]
[Site "Festsalen, Åsgård, Ås"]
[Date "1990.12.09"]
[Round "3.1"]
[White "Furnes, Torstein"]
[Black "Fjellengen, Bård"]
[Result "1-0"]
[WhiteElo "1142"]
[BlackElo "1579"]
[PlyCount "144"]
[EventDate "1990.11.10"]
[WhiteTeam "Ås 2"]
[BlackTeam "Sarpsborg 3"]

1. d4 Nf6 2. Nf3 e6 3. c4 d5 4. Nc3 c6 5. Bf4 Bd6 6. Bxd6 Qxd6 7. e3 Nbd7 8.
Qc2 O-O 9. c5 Qc7 10. Bd3 e5 11. dxe5 Nxe5 12. Nxe5 Qxe5 13. Ne2 Re8 14. O-O
Bd7 15. Nd4 Ne4 16. Rac1 Qc7 17. Rfd1 Re7 18. b4 g6 19. a4 Ng5 20. Qd2 Ne6 21.
Re1 Nxd4 22. exd4 Rae8 23. Rxe7 Rxe7 24. Re1 Bc8 25. Rxe7 Qxe7 26. Qe2 Kf8 27.
Kf1 Qg5 28. Qe3 Qh5 29. f3 Qxh2 30. Qg5 Qc7 31. Qf6 Kg8 32. Kf2 Be6 33. f4 Qd7
34. Be2 h6 35. Bd3 Kh7 36. Kf3 Bg4+ 37. Kf2 a6 38. a5 Qe6 39. Qxe6 Bxe6 40. Kf3
f5 41. Ke3 Kg7 42. g3 Kf6 43. Kf3 g5 44. Be2 h5 45. fxg5+ Kxg5 46. Ke3 Bd7 47.
Bf3 Be8 48. Be2 Bg6 49. Bf3 f4+ 50. gxf4+ Kf5 51. Bg2 Kg4 52. Bf3+ Kg3 53. f5
Bf7 54. f6 h4 55. Be2 h3 56. Bf3 h2 57. Bh1 Bh5 58. Kd3 Kf4 59. Bg2 Kg3 60. Bh1
Kf2 61. Kd2 Kg1 62. Bf3 Bxf3 63. f7 h1=Q 64. f8=Q Qg2+ 65. Ke3 Qe2+ 66. Kf4
Qe4+ 67. Kg5 Qg4+ 68. Kf6 Qxd4+ 69. Ke7 Qe5+ 70. Kd8 Qb8+ 71. Ke7 Qxf8+ 72.
Kxf8 d4 1-0